Normal view
MARC view
- Elder, Janet
Entry Personal Name
001 - CONTROL NUMBER
- control field: 133816
003 - CONTROL NUMBER IDENTIFIER
- control field: NUST
005 - DATE AND TIME OF LATEST TRANSACTION
- control field: 20260401165332.0
008 - FIXED-LENGTH DATA ELEMENTS
- fixed length control field: 260401|| aca||aabn | a|a d
040 ## - CATALOGING SOURCE
- Original cataloging agency: NUST
- Transcribing agency: NUST
100 ## - HEADING--PERSONAL NAME
- Personal name: Elder, Janet
670 ## - SOURCE DATA FOUND
- Source citation: Work cat.: (NUST): Elder, Janet., Opening Doors /, 2014.
